1575 1106 1855 1476 1538 1712 1508 1378 1626 1952 1938 1529 1193 1333 1308 1308 1799 1365 1765 1350 1148 1782 1599 1248 1039 1995 1703 1981 1047 1989 1881 1238 1712 1334 1446 1780 1746 1250 1720 1570 1698 1737 1088 1296 1030 1492 1582 1591 1335 1770 1609 1374 1109 1699 1122 1588 1834 1221 1042 1059 1803 1985 1282 1677 1500 1397 1996 1463 1396 1934 1432 1339 1847 1188 1077 1962 1798 1263 1521 1696 1387 1131 1866 1487 1757 1781 1944 1454 1679 1679 1889 1636 1587 1766 1840 1130 1556 1609 1856 BCNSPRNW ULIB Ver.6.0+V

เปลี่ยนเป็นภาษาไทย

Change to English
 แสดงรายละเอียดบรรณานุกรม
  กลับหน้าหลัก

Brief Record : Get Marc (ISO 2709) : E-mail record : QR code < ปิดหน้าต่าง
LEADER : 00000nam 2200000uu 4500
001    13399125019
003     ULIB
008    160529s2557||||th 000 0 tha d
020    ^a9786161120092
060    ^aWF600^bส667ก
100    ^aสารนิต บุญประสพ
245    ^aการจัดการกับอาการหายใจลำบากในผู้ป่วยโรคปอดอุดกั้นเรื้ัอรัง/^cสารนิต บุญประสพ
250    ^aพิมพ์ครั้งที่ 1
260    ^aนนทบุรี :^bวิทยาลัยพยาบาลบรมราชชนนี จังหวัดนนทบุรี,^c2557
300    ^a66 หน้า^bภาพประกอบ, ตาราง
650    ^aโรคปอดอุดกั้นเรื้อรัง
650    ^aระบบหายใจ^xอาการหายใจลำบาก
945    ^p120^l0^i23737
945    ^p120^l0^i23738
945    ^p120^l0^i23739
999    ^aทศพร เกษรทอง
รายการนี้ยังไม่มีแท็ก
คุณยังไม่ได้ล็อกอิน คุณสามารถมีกิจกรรมร่วมกับเว็บไซต์ได้ แต่ต้องล็อกอินก่อน ::
  ล็อกอิน

รายการสื่อสารสนเทศ

ลำดับที่ ประเภท เลขเรียก/บาร์โค้ด สถานที่ สถานะ
1. วิทยาศาสตร์การแพทย์ และสุขภาพ
วิทยาศาสตร์การแพทย์ และสุขภาพ
สถานะ=หนังสือเก่า
WF600 ส667ก ฉ.1 
  Barcode: 23737
ห้องสมุดวิทยาเขตนครสวรรค์
►ส่วนจัดเก็บหนังสือเก่า นว.
บนชั้น
  ขอยืม
2. วิทยาศาสตร์การแพทย์ และสุขภาพ
วิทยาศาสตร์การแพทย์ และสุขภาพ
สถานะ=หนังสือเก่า
WF600 ส667ก ฉ.2 
  Barcode: 23738
ห้องสมุดวิทยาเขตนครสวรรค์
►ส่วนจัดเก็บหนังสือเก่า นว.
บนชั้น
  ขอยืม
3. วิทยาศาสตร์การแพทย์ และสุขภาพ
วิทยาศาสตร์การแพทย์ และสุขภาพ
สถานะ=หนังสือเก่า
WF600 ส667ก ฉ.3 
  Barcode: 23739
ห้องสมุดวิทยาเขตนครสวรรค์
►ส่วนจัดเก็บหนังสือเก่า นว.
บนชั้น
  ขอยืม

รายการใกล้เคียง
    ผู้แต่ง [สารนิต บุญประสพ]

    หัวเรื่อง [โรคปอดอุดกั้นเรื้อรัง]

BibComment


ยังไม่เคยถูกคอมเมนท์

คอมเมนท์ทรัพยากรรายการนี้
  คอมเมนท์: การจัดการกับอากา..


 Copyright 2026. Bcnsprnw @Library